| 000 | 00767nam a2200169 a 4500 | ||
|---|---|---|---|
| 008 | 120416s1971 ||||||||||||||||| || u | ||
| 020 | _a0710035176 | ||
| 050 | _aHB 75 Myr | ||
| 100 | _aStreeten, Paul | ||
| 245 | 1 | 4 |
_aThe political element in the development of economic theory _ctranslated from the German by Paul Streeten |
| 260 |
_aLondon _bRoutledge and Kegan Paul _c1971 |
||
| 300 | _axvii, 248p. | ||
| 350 | _a0.00 | ||
| 700 | _aMyrdal, Gunnar, 1898- | ||
| 995 |
_aANNEX COLLECTION (Main Library) _D0.00 _e001794 _FCBU-MAIN LIBRARY (Kitwe) _H2 _I0.00 _jHB 75 Myr _UAVAILABLE _y001794 _ZAnnex Low-Usage Collection |
||
| 995 |
_aANNEX COLLECTION (Main Library) _D0.00 _e001795 _FCBU-MAIN LIBRARY (Kitwe) _H1 _I0.00 _jHB 75 Myr _UAVAILABLE _y001795 _ZAnnex Low-Usage Collection |
||
| 999 |
_c82034 _d82034 |
||